| 000 | 00666nam a22001697a 4500 | ||
|---|---|---|---|
| 005 | 20120218124737.0 | ||
| 020 |
_a8170002222 _c900.00 (two Vol. sets) |
||
| 035 | _aA-904876 | ||
| 037 |
_aDPL _bENG |
||
| 245 | _aLibrary science and its facets / | ||
| 250 | _aVol.1 | ||
| 260 |
_aNew Delhi _bEss Ess Publications _c1998 |
||
| 300 |
_a303p. _c18 cms. |
||
| 942 |
_2ddc _cEN _h020 _mCHO |
||
| 999 |
_c63209 _d63209 |
||